Doze Meses Em Quinze Segundos - Statistics

Estatísticas Gerais
  • Esse quiz foi jogado 755 vezes
  • A pontuação média é 7 de 12
Estatísticas das Respostas
Resposta % Correto
Janeiro
96%
Fevereiro
83%
Abril
76%
Março
76%
Maio
72%
Junho
68%
Julho
64%
Agosto
46%
Setembro
34%
Outubro
20%
Novembro
16%
Dezembro
11%
Nenhum quiz correspondente encontrado
Distribuição das Pontuações
Porcentagem de Pessoas com Cada Pontuação
Percentil de Números Respondidos
Sua Pontuação Histórica
Você não jogou esse quiz